Diseñar la coherencia escolar: bases para el proyecto educativo / Francisco Beltran Llavador (Registro nro. 2367)

Detalles MARC
000 -LEADER
fixed length control field 00598nam a22002051a 4500
001 - CONTROL NUMBER
control field 2367
003 - CONTROL NUMBER IDENTIFIER
control field OSt
005 - DATE AND TIME OF LATEST TRANSACTION
control field 20260204211809.0
008 - FIXED-LENGTH DATA ELEMENTS--GENERAL INFORMATION
fixed length control field 040218s2000||||xx ||||||b||||||||||spa||
020 ## - NUMERO DE LIBRO INTERNACIONAL NORMALIZADO
International Standard Book Number 8471124483
050 ## - LIBRARY OF CONGRESS CALL NUMBER
Classification number 370.115 B41d
082 ## - DEWEY DECIMAL CLASSIFICATION NUMBER
Classification number 370.115 B41d
100 ## - ASIENTO PRINCIPAL -- NOMBRE PERSONAL
Personal name Beltran Llavador, Francisco
245 ## - TÍTULO PROPIAMENTE DICHO: SUBTÍTULO
Title Diseñar la coherencia escolar: bases para el proyecto educativo / Francisco Beltran Llavador
264 ## - PRODUCTION, PUBLICATION, DISTRIBUTION, MANUFACTURE, AND COPYRIGHT NOTICE
Place of production, publication, distribution, manufacture Sin lugar, desconocido o indeterminado : Morota
300 ## - PHYSICAL DESCRIPTION
Extensión 127 p
650 ## - ASIENTO SECUNDARIO DE MATERIA -- TERMINO TEMÁTICO
Termino Temático Como Elemento de Entrada 1.Educación: Desarrollo
700 ## - ASIENTO SECUNDARIO -- NOMBRE PERSONAL
Personal name Martín Alonzo, AngelÌ
942 ## - ADDED ENTRY ELEMENTS (KOHA)
Source of classification or shelving scheme Dewey Decimal Classification
Koha item type Libros
Existencias
Withdrawn status Lost status Source of classification or shelving scheme Damaged status Not for loan Current library Date acquired Total Checkouts Full call number Barcode Date last seen Price effective from Koha item type
    Dewey Decimal Classification     Biblioteca UTECO 09/09/2019   370.115 B41D 002124 09/09/2019 09/09/2019 Libros
    Dewey Decimal Classification     Biblioteca UTECO 09/09/2019   370.115 B41D 002125 09/09/2019 09/09/2019 Libros
    Dewey Decimal Classification     Biblioteca UTECO 09/09/2019   370.115 B41D 002126 09/09/2019 09/09/2019 Libros
© 2021 Derechos Reservados UTECO - Teléfono: +1 809-585-2291 - Correo electrónico: biblioteca@uteco.edu.do​  
Código postal 43000 ​​
Dirección: Avenida Universitaria No. 100, 
Cotuí, Provincia Sánchez Ramírez, República Dominicana - RNC: 404-00059-6